000 00363 a2200157 4500
001 49410
020 _a8598553131
040 _cAnchieta - Bela Vista
100 _aCedraz, Antônio Luiz Ramos
240 1 0 _aO dragão da maldade
_lpor
245 1 0 _aO dragão da maldade
300 _a27
362 0 _a2006
650 4 _aLiteratura infanto-juvenil
942 _cBK
999 _c49410
_d49410